[Event "DLM 2008"]
[Site "Dresden GER"]
[Date "2008.11.14"]
[Round "2"]
[White "Dünzel, Jonas"]
[Black "Pogan, Nikolas"]
[Result "1/2-1/2"]
[Termination "normal"]
[Board "4.3"]
[WhiteElo "2007"]
[BlackElo "2083"]
[WhiteTeam "Sachsen 1"]
[BlackTeam "Württemberg 1"]
[PlyCount "90"]
[WhiteFideId "24631167"]
[BlackFideId "24673579"]
[EventCountry "GER"]
[EventRounds "7"]
[EventType "team-swiss"]
[EventDate "2008.11.13"]

1. e4 c6 2. d4 d5 3. exd5 cxd5 4. Bd3 Nf6 5. c3 Bg4 6. f3 Bh5 7. Ne2 Bg6 8. Nf4
Bxd3 9. Nxd3 e6 10. Bf4 Nc6 11. O-O Bd6 12. Bxd6 Qxd6 13. Nd2 O-O 14. Qe2 b5
15. b4 a5 16. a3 Rab8 17. f4 Nd7 18. Nb3 Rfe8 19. Ne5 f6 20. Nxd7 Qxd7 21. Nc5
Qd6 22. Qg4 f5 23. Qe2 a4 24. Rae1 Nd8 25. Kh1 Nf7 26. Qf3 Re7 27. Re3 Rbe8 28.
Qe2 Qc6 29. Re1 g6 30. h3 Nd6 31. Qa2 Ne4 32. Qc2 Qd6 33. Rf1 Rg7 34. g4 Kf7
35. c4 dxc4 36. Nxe4 fxe4 37. Qxe4 Qd5 38. Kg1 Qxe4 39. Rxe4 Kf8 40. Kf2 Rd7
41. Ke3 Rd5 42. Kd2 Kf7 43. Kc3 Red8 44. Rfe1 R8d6 45. R1e3 Kf6 1/2-1/2

[Event "DLM 2008"]
[Site "Dresden GER"]
[Date "2008.11.14"]
[Round "2"]
[White "Erben, Larissa"]
[Black "Schätz, Christopher"]
[Result "1-0"]
[Termination "normal"]
[Board "4.4"]
[WhiteElo "1991"]
[BlackElo "2036"]
[WhiteTeam "Württemberg 1"]
[BlackTeam "Sachsen 1"]
[PlyCount "43"]
[WhiteFideId "24634590"]
[BlackFideId "24623997"]
[EventCountry "GER"]
[EventRounds "7"]
[EventType "team-swiss"]
[EventDate "2008.11.13"]

1. e4 c5 2. Nf3 Nc6 3. d4 cxd4 4. Nxd4 Nf6 5. Na3 d6 6. Be2 e5 7. Nb3 Be6 8.
O-O Be7 9. f4 exf4 10. Bxf4 O-O 11. Qe1 d5 12. e5 Nd7 13. Bf3 d4 14. Nb5 Bc4
15. Nd6 Bxf1 16. Kxf1 Ndxe5 17. Nxb7 Qc7 18. N7a5 Bb4 19. Bxe5 Qxe5 20. Nxc6
Qxe1+ 21. Rxe1 Bxe1 22. Kxe1 1-0

[Event "DLM 2008"]
[Site "Dresden GER"]
[Date "2008.11.14"]
[Round "2"]
[White "Nguyen Minh, Thuy"]
[Black "Xu, Xianliang"]
[Result "0-1"]
[Termination "normal"]
[Board "4.5"]
[WhiteElo "1867"]
[BlackElo "1890"]
[WhiteTeam "Sachsen 1"]
[BlackTeam "Württemberg 1"]
[PlyCount "72"]
[WhiteFideId "24672688"]
[BlackFideId "4603230"]
[EventCountry "GER"]
[EventRounds "7"]
[EventType "team-swiss"]
[EventDate "2008.11.13"]

1. e4 d5 2. exd5 Qxd5 3. Nc3 Qa5 4. d4 c6 5. Bc4 Bf5 6. Nge2 e6 7. O-O Bd6 8.
Bf4 Qc7 9. Bxd6 Qxd6 10. Ng3 Bg6 11. Qd2 Nf6 12. Rad1 Nbd7 13. Nce2 h6 14. Nf4
Bh7 15. Rfe1 O-O-O 16. c3 g5 17. Nh3 Nb6 18. Bf1 Nbd5 19. c4 Nf4 20. c5 Qc7 21.
b4 Nxh3+ 22. gxh3 g4 23. h4 Nd5 24. a4 f5 25. Qxh6 f4 26. Qxe6+ Kb8 27. Qxg4
fxg3 28. hxg3 Rhg8 29. Qf3 Rdf8 30. Qb3 Qf7 31. Rd2 Qf4 32. Rb2 Qxd4 33. Bg2
Nc3 34. Re7 Rxg3 35. Qe6 Qd1+ 36. Kh2 Rxg2+ 0-1

[Event "DLM 2008"]
[Site "Dresden GER"]
[Date "2008.11.14"]
[Round "2"]
[White "Stitterich, Nadine"]
[Black "Peil, Christoph"]
[Result "1/2-1/2"]
[Termination "normal"]
[Board "4.6"]
[WhiteElo "1888"]
[BlackElo "1710"]
[WhiteTeam "Württemberg 1"]
[BlackTeam "Sachsen 1"]
[PlyCount "135"]
[WhiteFideId "24676527"]
[BlackFideId "24651800"]
[EventCountry "GER"]
[EventRounds "7"]
[EventType "team-swiss"]
[EventDate "2008.11.13"]

1. e4 c5 2. Nf3 Nc6 3. d4 cxd4 4. Nxd4 Nf6 5. Nc3 e6 6. Be3 Bb4 7. Bd3 d5 8. f3
e5 9. Nxc6 bxc6 10. Bd2 O-O 11. O-O Bc5+ 12. Kh1 a5 13. Na4 Ba7 14. Qe1 Bb8 15.
Bg5 Ba6 16. Rd1 Bxd3 17. Rxd3 d4 18. f4 h6 19. fxe5 Bxe5 20. Bxf6 Bxf6 21. Qg3
Re8 22. Rdf3 Be5 23. Qg4 f6 24. Nc5 Ra7 25. Nd3 Qd7 26. Qg6 Qf7 27. Nxe5 Rxe5
28. Rxf6 Qxg6 29. Rxg6 c5 30. Rc6 Rb7 31. b3 Ra7 32. a4 Rb7 33. h3 d3 34. cxd3
Rxb3 35. Rf5 Rxf5 36. exf5 Rb4 37. Rxc5 Rxa4 38. Rc7 Rd4 39. Rc3 a4 40. Kh2 Rb4
41. Ra3 Kf7 42. g4 Kf6 43. Kg3 h5 44. Kh4 hxg4 45. hxg4 g5+ 46. fxg6 Kxg6 47.
Rc3 Rd4 48. Rc6+ Kg7 49. Ra6 Rxd3 50. Rxa4 Rd1 51. Kg5 Rd5+ 52. Kh4 Rd1 53. Ra6
Rc1 54. Kh5 Rh1+ 55. Kg5 Rc1 56. Ra7+ Kg8 57. Kg6 Rc6+ 58. Kh5 Rc5+ 59. g5 Rc1
60. Kh6 Rc6+ 61. g6 Rc8 62. Rg7+ Kh8 63. Rd7 Kg8 64. Rd6 Rb8 65. g7 Rc8 66. Kg6
Rb8 67. Rf6 Rc8 68. Rb6 1/2-1/2

[Event "DLM 2008"]
[Site "Dresden GER"]
[Date "2008.11.14"]
[Round "2"]
[White "Zhou, Syang"]
[Black "Figura, Atila Gajo"]
[Result "1/2-1/2"]
[Termination "normal"]
[Board "5.1"]
[WhiteElo "2110"]
[BlackElo "2412"]
[WhiteTeam "Württemberg 2"]
[BlackTeam "Berlin"]
[PlyCount "62"]
[WhiteFideId "24636126"]
[BlackFideId "4688058"]
[EventCountry "GER"]
[EventRounds "7"]
[EventType "team-swiss"]
[EventDate "2008.11.13"]

1. e4 d5 2. exd5 Nf6 3. d4 Nxd5 4. c4 Nb6 5. Nc3 e5 6. Be3 exd4 7. Qxd4 Qxd4 8.
Bxd4 Nc6 9. Be3 Bb4 10. O-O-O Bxc3 11. bxc3 Be6 12. Nf3 Nxc4 13. Bc5 Rd8 14.
Nd4 N6a5 15. Bxc4 Nxc4 16. Rhe1 b6 17. Nxe6 Rxd1+ 18. Kxd1 fxe6 19. Rxe6+ Kf7
20. Re7+ Kf6 21. Re4 Rd8+ 22. Kc1 Nd6 23. Bxd6 Rxd6 24. Kc2 c5 25. Rf4+ Ke6 26.
Re4+ Kf6 27. Rf4+ Ke7 28. Re4+ Kf7 29. Rf4+ Ke6 30. Re4+ Kf7 31. Rf4+ Ke6
1/2-1/2

[Event "DLM 2008"]
[Site "Dresden GER"]
[Date "2008.11.14"]
[Round "2"]
[White "Glantz, Robert"]
[Black "Geshnizjani, Ramin Tobias"]
[Result "0-1"]
[Termination "normal"]
[Board "5.2"]
[WhiteElo "2197"]
[BlackElo "2037"]
[WhiteTeam "Berlin"]
[BlackTeam "Württemberg 2"]
[PlyCount "134"]
[WhiteFideId "24629596"]
[BlackFideId "24633089"]
[EventCountry "GER"]
[EventRounds "7"]
[EventType "team-swiss"]
[EventDate "2008.11.13"]

1. e4 c6 2. d4 d5 3. exd5 cxd5 4. c4 Nf6 5. Nc3 e6 6. Nf3 Be7 7. Bd3 O-O 8. O-O
dxc4 9. Bxc4 Nc6 10. Bg5 b6 11. Re1 Bb7 12. a3 Nd5 13. Bxe7 Ncxe7 14. Ne4 Nf5
15. Ne5 Nd6 16. Nxd6 Qxd6 17. Qg4 Rac8 18. Qh4 Qe7 19. Qe4 Rc7 20. Bd3 f5 21.
Qf3 Qh4 22. Rac1 Rfc8 23. Rxc7 Rxc7 24. Qg3 Qxd4 25. Bb5 Qf4 26. Bd7 Bc8 27.
Bc6 Qxg3 28. hxg3 Ne7 29. Ba4 Bb7 30. Rd1 Bd5 31. Be8 Kf8 32. Ba4 Ng6 33. Nxg6+
hxg6 34. f3 Ke7 35. Kf2 Rc5 36. Rd3 Bc6 37. Bxc6 Rxc6 38. Rd1 e5 39. Ke3 Ke6
40. Ke2 Rc4 41. Ke3 g5 42. Ke2 g4 43. Kf2 g5 44. Ke2 gxf3+ 45. gxf3 g4 46. Kf2
gxf3 47. Kxf3 b5 48. Ke3 b4 49. Rd3 e4 50. Rb3 a5 51. axb4 axb4 52. Kf4 Kf6 53.
g4 fxg4 54. Re3 Ke6 55. Kxg4 Ke5 56. Kg3 Rd4 57. Re2 Rd3+ 58. Kg4 Kd4 59. Rf2
Ke3 60. Rf8 Ke2 61. Re8 e3 62. Kf4 Kd2 63. Kf3 b3 64. Re7 Kc2 65. Ke2 Rd5 66.
Kxe3 Kxb2 67. Rc7 Kb1 0-1

[Event "DLM 2008"]
[Site "Dresden GER"]
[Date "2008.11.14"]
[Round "2"]
[White "Lange, Jan-David"]
[Black "Kachibadze, Georg"]
[Result "0-1"]
[Termination "normal"]
[Board "5.3"]
[WhiteElo "2117"]
[BlackElo "2158"]
[WhiteTeam "Württemberg 2"]
[BlackTeam "Berlin"]
[PlyCount "108"]
[WhiteFideId "24614963"]
[BlackFideId "24640794"]
[EventCountry "GER"]
[EventRounds "7"]
[EventType "team-swiss"]
[EventDate "2008.11.13"]

1. e4 c5 2. Nf3 d6 3. d4 cxd4 4. Nxd4 Nf6 5. Nc3 Nc6 6. Bg5 e6 7. Qd2 Be7 8.
O-O-O O-O 9. f4 Nxd4 10. Qxd4 Qa5 11. Rd3 h6 12. h4 Qc5 13. Qxc5 dxc5 14. e5
hxg5 15. exf6 gxf6 16. hxg5 fxg5 17. Rg3 Bd7 18. fxg5 Kg7 19. Bd3 Rh8 20. Rf1
Bc6 21. Be4 Bxe4 22. Nxe4 Rh4 23. g6 f5 24. Nc3 Bd6 25. Rd3 Rd4 26. Rxd4 cxd4
27. Nb5 Be5 28. Rd1 Bf4+ 29. Kb1 e5 30. Nc7 Rh8 31. Ne6+ Kxg6 32. Nxf4+ exf4
33. a4 Rd8 34. Rd3 Kg5 35. Kc1 Kg4 36. Kd2 Re8 37. Rh3 Re7 38. b3 a5 39. Rh8
Kg3 40. Rg8+ Kf2 41. Kd3 Re3+ 42. Kxd4 Rg3 43. Rf8 Kxg2 44. Rxf5 f3 45. Ke3 Rg7
46. Rxa5 f2 47. Rf5 f1=Q 48. Rxf1 Kxf1 49. Kd4 Ke2 50. a5 Kd2 51. c4 Kc2 52. b4
Kb3 53. Kc5 Rg5+ 54. Kb6 Kxb4 0-1

[Event "DLM 2008"]
[Site "Dresden GER"]
[Date "2008.11.14"]
[Round "2"]
[White "Kropman, Alexei"]
[Black "Djalalova, Nigora"]
[Result "0-1"]
[Termination "normal"]
[Board "5.4"]
[WhiteElo "1960"]
[BlackElo "1961"]
[WhiteTeam "Berlin"]
[BlackTeam "Württemberg 2"]
[PlyCount "62"]
[WhiteFideId "24670723"]
[BlackFideId "14202166"]
[EventCountry "GER"]
[EventRounds "7"]
[EventType "team-swiss"]
[EventDate "2008.11.13"]

1. e4 c5 2. Nc3 Nc6 3. f4 g6 4. Nf3 Bg7 5. Bc4 e6 6. f5 Ne5 7. Nxe5 Bxe5 8. Qf3
gxf5 9. O-O Qh4 10. g3 Qg4 11. Qxg4 fxg4 12. d3 a6 13. Bf4 Bd4+ 14. Kg2 b5 15.
Bb3 Bb7 16. Rae1 Rc8 17. h4 gxh3+ 18. Kxh3 Ne7 19. Nd1 d5 20. exd5 Nxd5 21. c3
Nxf4+ 22. gxf4 Bf6 23. f5 e5 24. Ne3 Rd8 25. d4 cxd4 26. Ng4 Ke7 27. Nxe5 Bxe5
28. Rxe5+ Kf6 29. cxd4 Rxd4 30. Rfe1 Rd3+ 31. Kh4 Rhd8 0-1

[Event "DLM 2008"]
[Site "Dresden GER"]
[Date "2008.11.14"]
[Round "2"]
[White "Marquardt, Patrick"]
[Black "Moritz, Aron"]
[Result "0-1"]
[Termination "normal"]
[Board "5.5"]
[WhiteElo "1996"]
[BlackElo "1979"]
[WhiteTeam "Württemberg 2"]
[BlackTeam "Berlin"]
[PlyCount "56"]
[WhiteFideId "4670086"]
[BlackFideId "24672319"]
[EventCountry "GER"]
[EventRounds "7"]
[EventType "team-swiss"]
[EventDate "2008.11.13"]

1. e4 c5 2. Nf3 d6 3. d4 cxd4 4. Qxd4 Nc6 5. Bb5 Bd7 6. Bxc6 Bxc6 7. Nc3 Nf6 8.
Bg5 e6 9. O-O-O Be7 10. Rhe1 Qa5 11. Qd2 O-O 12. Kb1 Qb6 13. Nd4 a5 14. f3 Rfc8
15. g4 a4 16. Nce2 Ra5 17. h4 Be8 18. Ng3 d5 19. e5 Bb4 20. Qe3 Bc3 21. b3 axb3
22. cxb3 Rxa2 23. Qxc3 Rxc3 24. Kxa2 Qa5+ 25. Kb2 Rd3 26. exf6 Qc3+ 27. Ka3
Rxd4 28. Rxd4 Qxe1 0-1

[Event "DLM 2008"]
[Site "Dresden GER"]
[Date "2008.11.14"]
[Round "2"]
[White "Nekrasova, Kateryna"]
[Black "Gibicar, Danijel"]
[Result "1/2-1/2"]
[Termination "normal"]
[Board "5.6"]
[WhiteElo "1808"]
[BlackElo "1863"]
[WhiteTeam "Berlin"]
[BlackTeam "Württemberg 2"]
[PlyCount "69"]
[WhiteFideId "24636266"]
[BlackFideId "24660256"]
[EventCountry "GER"]
[EventRounds "7"]
[EventType "team-swiss"]
[EventDate "2008.11.13"]

1. e4 e5 2. Nf3 Nf6 3. Nxe5 d6 4. Nf3 Nxe4 5. Qe2 Qe7 6. d3 Nf6 7. Nc3 c6 8.
Bg5 Qxe2+ 9. Bxe2 Be7 10. O-O-O Na6 11. h3 Nc7 12. Rhe1 Ne6 13. Be3 Bd7 14. Nd2
d5 15. Nb3 Kd8 16. a3 Kc7 17. Bf3 Rhe8 18. Re2 Bd6 19. Ree1 b6 20. Nd4 Rad8 21.
Nce2 c5 22. Nf5 Bf8 23. Nf4 g6 24. Ng3 Bc8 25. Nxe6+ Bxe6 26. Bg5 Bg7 27. Re2
h6 28. Bf4+ Kc8 29. Rde1 Rd7 30. Be5 Rde7 31. Bd6 Rd7 32. Be5 Rde7 33. Bd6 Rd7
34. Be5 Rde7 35. Bd6 1/2-1/2

[Event "DLM 2008"]
[Site "Dresden GER"]
[Date "2008.11.14"]
[Round "2"]
[White "Schäfer, Daniela"]
[Black "Kostré, Margarita"]
[Result "1-0"]
[Termination "normal"]
[Board "5.7"]
[WhiteElo "1856"]
[BlackElo "1733"]
[WhiteTeam "Württemberg 2"]
[BlackTeam "Berlin"]
[PlyCount "103"]
[WhiteFideId "4624769"]
[BlackFideId "4673344"]
[EventCountry "GER"]
[EventRounds "7"]
[EventType "team-swiss"]
[EventDate "2008.11.13"]

1. e4 e5 2. Nf3 Nc6 3. Bb5 a6 4. Ba4 Nf6 5. O-O Be7 6. Re1 b5 7. Bb3 O-O 8. h3
d6 9. c3 Na5 10. Bc2 c5 11. d4 Qc7 12. Nbd2 cxd4 13. cxd4 Nc6 14. Nb3 a5 15. a4
bxa4 16. Rxa4 Bd7 17. Rc4 Qb7 18. dxe5 dxe5 19. Bg5 Be6 20. Nc5 Qb6 21. Nxe6
fxe6 22. Bxf6 Rad8 23. Qc1 Bxf6 24. Re3 Nd4 25. Nxd4 exd4 26. Rb3 Qd6 27. Bd3
Bh4 28. Rc2 Rd7 29. g3 Bd8 30. Rc6 Rc7 31. Rxc7 Bxc7 32. Rb7 Bd8 33. Qc4 Bg5
34. Kg2 Bd2 35. Rc7 Re8 36. Rc6 Qe5 37. f4 Qf6 38. e5 Qe7 39. Qc2 Be3 40. Bxh7+
Kh8 41. Bg6 Rd8 42. Rc7 Qb4 43. Kf1 Qb5+ 44. Bd3 Qd5 45. Qg2 Qb3 46. Qe2 Kg8
47. Bc4 Qb6 48. Re7 Qc6 49. Ke1 d3 50. Bxd3 Qh1+ 51. Qf1 Qxf1+ 52. Bxf1 1-0

[Event "DLM 2008"]
[Site "Dresden GER"]
[Date "2008.11.14"]
[Round "2"]
[White "Lagunov, Elina"]
[Black "Bohm, Stephanie"]
[Result "1-0"]
[Termination "normal"]
[Board "5.8"]
[WhiteElo "1344"]
[BlackElo "1162"]
[WhiteTeam "Berlin"]
[BlackTeam "Württemberg 2"]
[PlyCount "69"]
[WhiteFideId "4673387"]
[EventCountry "GER"]
[EventRounds "7"]
[EventType "team-swiss"]
[EventDate "2008.11.13"]

1. e4 c5 2. Nf3 Nc6 3. d4 cxd4 4. Nxd4 Nf6 5. Nc3 e6 6. Ndb5 d6 7. Bf4 e5 8.
Bg5 a6 9. Na3 Be7 10. Bxf6 Bxf6 11. Nd5 Bg5 12. Nc4 b5 13. Nce3 O-O 14. Be2 f5
15. exf5 Bxf5 16. Nxf5 Rxf5 17. Bd3 Rf7 18. O-O Qa5 19. Qh5 Bh6 20. Bxh7+ Kf8
21. Bg6 Raa7 22. Bxf7 Rxf7 23. c3 b4 24. Rfd1 Qc5 25. Qe2 bxc3 26. bxc3 a5 27.
Rab1 Ne7 28. Rb8+ Nc8 29. Nb6 Rc7 30. Qg4 Qxc3 31. Qf5+ Ke7 32. Nd5+ Kd8 33.
Qf8+ Kd7 34. Qf7+ Kc6 35. Qxc7# 1-0

[Event "DLM 2008"]
[Site "Dresden GER"]
[Date "2008.11.14"]
[Round "2"]
[White "Lubbe, Nikolas"]
[Black "Kesten, Sebastian"]
[Result "1-0"]
[Termination "normal"]
[Board "6.1"]
[WhiteElo "2269"]
[BlackElo "2120"]
[WhiteTeam "Niedersachsen"]
[BlackTeam "Mecklenburg-Vorpommern"]
[PlyCount "87"]
[WhiteFideId "4694031"]
[BlackFideId "24616214"]
[EventCountry "GER"]
[EventRounds "7"]
[EventType "team-swiss"]
[EventDate "2008.11.13"]

1. e4 c5 2. d3 Nc6 3. g3 g6 4. Bg2 Bg7 5. f4 d6 6. c3 e6 7. Nf3 Nge7 8. O-O O-O
9. Be3 Bd7 10. g4 f5 11. gxf5 gxf5 12. Nbd2 Qc7 13. Kh1 Rae8 14. Ng5 h6 15.
Ngf3 Ng6 16. Ng1 Nce7 17. Qh5 d5 18. e5 Rc8 19. Ne2 Bb5 20. c4 Be8 21. Qh3 Qd8
22. Ng3 d4 23. Bg1 Nc6 24. Nh5 Qh4 25. Rf3 Qxh3 26. Rxh3 Rc7 27. Bf2 Nd8 28.
Rg1 Kh7 29. a3 Nh8 30. Bf3 Bg6 31. Bh4 Bxh5 32. Bxh5 Nc6 33. Rhg3 a6 34. Bf3
Rff7 35. R3g2 Bf8 36. Bf6 Bg7 37. Bh5 Rxf6 38. exf6 Bxf6 39. Nf3 b5 40. Rc1 b4
41. Be8 a5 42. a4 Nd8 43. Nd2 Re7 44. Bh5 1-0

[Event "DLM 2008"]
[Site "Dresden GER"]
[Date "2008.11.14"]
[Round "2"]
[White "Daug, Jörn-Henning"]
[Black "Holloway, Timo"]
[Result "1-0"]
[Termination "normal"]
[Board "6.2"]
[WhiteElo "1974"]
[BlackElo "2161"]
[WhiteTeam "Mecklenburg-Vorpommern"]
[BlackTeam "Niedersachsen"]
[PlyCount "157"]
[WhiteFideId "24616974"]
[BlackFideId "24631426"]
[EventCountry "GER"]
[EventRounds "7"]
[EventType "team-swiss"]
[EventDate "2008.11.13"]

1. d4 Nf6 2. c4 e6 3. Nc3 Bb4 4. Qc2 O-O 5. e4 Bxc3+ 6. bxc3 e5 7. Bd3 d6 8.
Ne2 c5 9. O-O Nc6 10. d5 Na5 11. Ng3 Nd7 12. Qe2 Nb6 13. f4 f6 14. Rb1 a6 15.
f5 Rf7 16. Rf3 Na4 17. Bd2 Bd7 18. Nf1 b5 19. Rh3 bxc4 20. Bxc4 Nxc4 21. Qxc4
Bb5 22. Qb3 Nb6 23. Ne3 Rb8 24. c4 Ba4 25. Qa3 Qe8 26. Qd3 Rfb7 27. Ng4 Nd7 28.
Rxb7 Rxb7 29. Rg3 Kh8 30. h3 Nf8 31. Ba5 Qb8 32. Rf3 Rb1+ 33. Rf1 Rb2 34. Rf2
Rb1+ 35. Rf1 Rb2 36. Rf2 Rxf2 37. Nxf2 Qb7 38. Ng4 Kg8 39. Ne3 Nd7 40. Kh2 Nf8
41. Qa3 Be8 42. Qb3 Qa7 43. Kg1 h6 44. Kf2 Nh7 45. Ng4 Ng5 46. Ke3 Kf8 47. Nh2
Ke7 48. Nf3 Nxf3 49. Kxf3 Bd7 50. g4 Be8 51. h4 Kf8 52. h5 Ke7 53. Ke3 Kd7 54.
Kd3 Ke7 55. Ke3 Kf7 56. Kf3 Kg8 57. Kg3 Kh7 58. Kh4 Kh8 59. Kh3 Kg8 60. Kg3 Kh7
61. Kh4 Qd7 62. Kg3 Qa7 63. Kh4 Bd7 64. Kg3 Kg8 65. Kf3 Kf7 66. Kf2 Qa8 67. Bc7
Qa7 68. Bxd6 a5 69. a3 Bc8 70. Ke3 Ba6 71. Kd3 Ke8 72. Bb8 Qd7 73. Qb6 Bxc4+
74. Kxc4 Qa4+ 75. Kxc5 Qxa3+ 76. Kc6 Qc3+ 77. Kd6 Qb4+ 78. Qxb4 axb4 79. Kc7
1-0

[Event "DLM 2008"]
[Site "Dresden GER"]
[Date "2008.11.14"]
[Round "2"]
[White "Schulz, Jens"]
[Black "Völsgen, Georg"]
[Result "1-0"]
[Termination "normal"]
[Board "6.3"]
[WhiteElo "2085"]
[BlackElo "1929"]
[WhiteTeam "Niedersachsen"]
[BlackTeam "Mecklenburg-Vorpommern"]
[PlyCount "109"]
[WhiteFideId "24675687"]
[BlackFideId "24635901"]
[EventCountry "GER"]
[EventRounds "7"]
[EventType "team-swiss"]
[EventDate "2008.11.13"]

1. e4 e5 2. Nf3 Nc6 3. Bc4 Bc5 4. c3 Nf6 5. d3 d6 6. O-O Be6 7. Nbd2 Bb6 8. Bb3
Bxb3 9. axb3 O-O 10. h3 d5 11. Qe2 Rc8 12. Rd1 Qd6 13. Nf1 Nh5 14. Ng5 Nf6 15.
Ng3 Rcd8 16. Be3 Ne7 17. Bxb6 Qxb6 18. b4 h6 19. Nf3 Ng6 20. Qc2 a6 21. Nf5 Qe6
22. Re1 Rd7 23. Ng3 Rfd8 24. d4 exd4 25. Nxd4 Qb6 26. e5 Ne4 27. Nxe4 dxe4 28.
Qxe4 Re8 29. e6 Rde7 30. exf7+ Kxf7 31. Qd5+ Kf8 32. Rxe7 Rxe7 33. Ra5 Nh8 34.
Qf5+ Nf7 35. Rd5 Qf6 36. Qxf6 gxf6 37. Kf1 Nd6 38. Nf5 Nxf5 39. Rxf5 Kf7 40.
Rd5 Ke6 41. Rd8 Kf5 42. f3 c6 43. Kf2 Rc7 44. g4+ Kg6 45. h4 h5 46. Rd6 hxg4
47. fxg4 c5 48. bxc5 Rxc5 49. Rb6 Rc7 50. Kf3 Rd7 51. g5 Kh5 52. gxf6 Kxh4 53.
Kf4 Kh5 54. Kf5 Rc7 55. Re6 1-0

[Event "DLM 2008"]
[Site "Dresden GER"]
[Date "2008.11.14"]
[Round "2"]
[White "Hingst, Silke"]
[Black "Schreiner, Till"]
[Result "0-1"]
[Termination "normal"]
[Board "6.4"]
[WhiteElo "1842"]
[BlackElo "2066"]
[WhiteTeam "Mecklenburg-Vorpommern"]
[BlackTeam "Niedersachsen"]
[PlyCount "80"]
[WhiteFideId "4624564"]
[BlackFideId "24675555"]
[EventCountry "GER"]
[EventRounds "7"]
[EventType "team-swiss"]
[EventDate "2008.11.13"]

1. e4 c5 2. c3 Nf6 3. e5 Nd5 4. d4 cxd4 5. Nf3 Nc6 6. cxd4 d6 7. exd6 Qxd6 8.
Nc3 Bg4 9. Be2 e6 10. O-O Be7 11. Ne4 Qc7 12. Qa4 O-O 13. Bd2 Rfd8 14. Rac1 Qb6
15. Bc3 Nf4 16. Bd1 Nd3 17. Rc2 Bxf3 18. Bxf3 Nxd4 19. Bxd4 Rxd4 20. Qb3 Qxb3
21. axb3 Rb4 22. Nd2 Bf6 23. Rc4 Rb6 24. Rc7 Rb8 25. Be4 Nxb2 26. Rfc1 g6 27.
Rd7 Bg5 28. Rb1 Bf6 29. Rc1 Rd8 30. Rcc7 Rd6 31. Rxd8+ Rxd8 32. Nf1 Nd3 33.
Bxb7 Bd4 34. Rc2 Rb8 35. Ba6 Nc5 36. Bc4 Nxb3 37. Ra2 Rb4 38. Be2 Nc1 39. Rc2
Nxe2+ 40. Rxe2 Rb2 0-1

[Event "DLM 2008"]
[Site "Dresden GER"]
[Date "2008.11.14"]
[Round "2"]
[White "Schulze, Dorothee"]
[Black "Wolf, Christoph"]
[Result "1/2-1/2"]
[Termination "normal"]
[Board "6.5"]
[WhiteElo "1990"]
[BlackElo "1790"]
[WhiteTeam "Niedersachsen"]
[BlackTeam "Mecklenburg-Vorpommern"]
[PlyCount "64"]
[WhiteFideId "24609498"]
[BlackFideId "24650633"]
[EventCountry "GER"]
[EventRounds "7"]
[EventType "team-swiss"]
[EventDate "2008.11.13"]

1. e4 e5 2. Nf3 Nc6 3. Bb5 a6 4. Ba4 Nf6 5. O-O d6 6. Qe2 Bg4 7. c3 b5 8. Bc2
Be7 9. h3 Bh5 10. Rd1 O-O 11. d4 exd4 12. cxd4 Nd7 13. g4 Bg6 14. Nbd2 d5 15.
Nf1 Nb6 16. Ng3 dxe4 17. Bxe4 Bxe4 18. Qxe4 Qd5 19. Bf4 Qxe4 20. Nxe4 Nd5 21.
Bxc7 f5 22. gxf5 Rxf5 23. Rac1 Rxf3 24. Rxc6 Rc8 25. Rdc1 Nb4 26. Nd6 Bxd6 27.
Rxd6 Nxa2 28. Rc5 Rcf8 29. Rxa6 Nb4 30. Ra3 Rxf2 31. Bg3 Rxb2 32. Rxb5 Rb1+
1/2-1/2

[Event "DLM 2008"]
[Site "Dresden GER"]
[Date "2008.11.14"]
[Round "2"]
[White "Schreiber, Kevin"]
[Black "Kyas, Philipp"]
[Result "0-1"]
[Termination "normal"]
[Board "6.6"]
[WhiteElo "1587"]
[BlackElo "1889"]
[WhiteTeam "Mecklenburg-Vorpommern"]
[BlackTeam "Niedersachsen"]
[PlyCount "106"]
[WhiteFideId "24655830"]
[BlackFideId "24670936"]
[EventCountry "GER"]
[EventRounds "7"]
[EventType "team-swiss"]
[EventDate "2008.11.13"]

1. d4 Nf6 2. Nf3 e6 3. Bf4 b6 4. e3 Bb7 5. Bd3 d6 6. Nbd2 d5 7. h3 Be7 8. O-O
Nbd7 9. Ne5 Nxe5 10. dxe5 Ne4 11. Bh2 Qd7 12. c3 O-O-O 13. a4 Nxd2 14. Qxd2 c5
15. Bb5 Qc7 16. Rfc1 c4 17. a5 bxa5 18. b3 Qb6 19. Ba4 Ba6 20. Rcb1 Qc7 21. Qa2
Bc5 22. bxc4 Bxc4 23. Bb3 Bb6 24. Rd1 Rhe8 25. Bf4 h6 26. Rab1 Re7 27. Rbc1
Red7 28. Rc2 Bxb3 29. Qxb3 Qc4 30. Qb2 Rb7 31. Qa1 Rc7 32. Rcc1 Qb3 33. Rb1
Qxc3 34. Qa2 Qc4 35. Qa1 Rdd7 36. Rdc1 Qe4 37. Kh2 g5 38. Bg3 h5 39. Kg1 h4 40.
Bh2 g4 41. hxg4 Qxg4 42. Rxc7+ Rxc7 43. Rc1 h3 44. Rxc7+ Bxc7 45. Bg3 hxg2 46.
Kxg2 Qe4+ 47. Kg1 Qb4 48. Qc1 a4 49. Qc6 a3 50. Qa8+ Qb8 51. Qc6 Qb1+ 52. Kg2
a2 53. Qa6+ Kb8 0-1

[Event "DLM 2008"]
[Site "Dresden GER"]
[Date "2008.11.14"]
[Round "2"]
[White "Dorn, Carina"]
[Black "Schöbel, Ulrike"]
[Result "1-0"]
[Termination "normal"]
[Board "6.7"]
[WhiteElo "1778"]
[BlackElo "1720"]
[WhiteTeam "Niedersachsen"]
[BlackTeam "Mecklenburg-Vorpommern"]
[PlyCount "87"]
[WhiteFideId "24666335"]
[EventCountry "GER"]
[EventRounds "7"]
[EventType "team-swiss"]
[EventDate "2008.11.13"]

1. d4 d5 2. c4 e6 3. Nc3 Nf6 4. cxd5 exd5 5. Bg5 Be7 6. e3 O-O 7. Bd3 b6 8. Qc2
Nbd7 9. Nf3 Bb7 10. O-O c5 11. dxc5 Nxc5 12. Bxf6 Bxf6 13. Bxh7+ Kh8 14. Bf5
Qe7 15. Nd4 Be5 16. Rad1 Rad8 17. Qe2 g6 18. Bb1 Kg7 19. Qg4 Bc8 20. Nf5+ Bxf5
21. Bxf5 Qd6 22. g3 Bxc3 23. bxc3 Qf6 24. Bc2 Qxc3 25. Qd4+ Qxd4 26. Rxd4 Rfe8
27. Rfd1 Re5 28. e4 Re6 29. exd5 Red6 30. Bb3 Nxb3 31. axb3 Rc8 32. Kg2 a5 33.
R1d3 b5 34. Kf3 Ra8 35. Rc3 Rad8 36. Rc5 Rb8 37. Rc6 Rbd8 38. Ke4 Kf6 39. h4
Kg7 40. Rxd6 Rxd6 41. Ke5 Rd8 42. d6 Kf8 43. Kd5 Ke8 44. Re4+ 1-0

[Event "DLM 2008"]
[Site "Dresden GER"]
[Date "2008.11.14"]
[Round "2"]
[White "Wulf, Constanze"]
[Black "Manusina, Nicole"]
[Result "0-1"]
[Termination "normal"]
[Board "6.8"]
[WhiteElo "970"]
[BlackElo "1612"]
[WhiteTeam "Mecklenburg-Vorpommern"]
[BlackTeam "Niedersachsen"]
[PlyCount "108"]
[WhiteFideId "24692379"]
[BlackFideId "24657514"]
[EventCountry "GER"]
[EventRounds "7"]
[EventType "team-swiss"]
[EventDate "2008.11.13"]

1. e4 c6 2. d4 d5 3. exd5 cxd5 4. Bf4 Nc6 5. Be2 Qb6 6. b3 Qxd4 7. Qxd4 Nxd4 8.
Bd3 Nf6 9. Ne2 Nxe2 10. Bxe2 Bf5 11. c4 dxc4 12. Bxc4 a6 13. O-O e6 14. Re1 Be7
15. Nc3 O-O 16. Rad1 Rad8 17. Rxd8 Rxd8 18. Rd1 Rxd1+ 19. Nxd1 b5 20. Be2 Nd5
21. Be5 Bf6 22. Bxf6 Nxf6 23. Ne3 Be4 24. a4 Bc6 25. axb5 Bxb5 26. Bxb5 axb5
27. Kf1 Kf8 28. Ke2 Nd5 29. Nc2 Ke7 30. Nd4 Nc7 31. Kd3 Kd6 32. Kc3 Nd5+ 33.
Kd2 Kc5 34. Nf3 f6 35. g3 g5 36. h3 h5 37. h4 g4 38. Ne1 Nb4 39. Nd3+ Nxd3 40.
Kxd3 Kb4 41. Kc2 e5 42. Kb2 f5 43. Kc2 f4 44. Kb2 fxg3 45. fxg3 e4 46. Kc2 e3
47. Kd3 e2 48. Kxe2 Kxb3 49. Kd2 Ka2 50. Kc3 Ka3 51. Kc2 b4 52. Kb1 Kb3 53. Kc1
Ka2 54. Kd2 b3 0-1